000 00896nam a2200265 a 4500
001 BRCA_8936
003 FranzMayer
005 20230721103025.0
008 290617s1802----sp-a######---#000-0#lat-#
040 _cMFM
041 _alat
044 _asp
084 _aLE29
_b.J33 1802
100 1 _aJacquier, Francisco
_d1711-1788
_922210
245 1 0 _aInstitutiones philosophicae ad studia theologica potissimum accommodatae
_cauctore Francisco Jacquier; tomvs V.
260 _aMatriti
_bEx Oficina Isidori à Lopez
_c1802
300 _aVIII, 568 p. (t.5)
_bil., 4 h.
_c15.9 x 10.7
500 _aSuperiorum permissu
500 _aEstado físico: presenta encuadernación en pergamino
650 1 4 _aFilosofía
_yObras anteriores a 1900
_922211
650 1 4 _aCiencia
_yObras anteriores a 1900
_922212
650 1 4 _aMatemáticas
_yObras anteriores a 1900
_922213
902 _aCFM
942 _2lcc
_cB
999 _c8587
_d8587